| 000 | 00338nam a22001337a 4500 | ||
|---|---|---|---|
| 999 |
_c7743 _d7743 |
||
| 008 | 190320b ||||| |||| 00| 0 eng d | ||
| 020 | _a9780321955050 | ||
| 082 | _a650 C62b 2015 | ||
| 100 | _aClendenen, Gary. | ||
| 245 | _aBusiness mathematics | ||
| 260 |
_aBoston : _bPearson, _c2015. |
||
| 300 |
_axviii, 679 p. _c30 cm. |
||
| 942 | _2ddc | ||